000 00494nam a2200181Ia 4500
003 GCL
008 140319s9999 xx 000 0 eng d
040 _aGCL /
_cGCL
082 0 4 _a843
_bS V
100 1 _aSAINT-EXAPERY, ANTOINE DE
245 1 0 _aVOL DE NUIT: PREFACE D'ANDRE GIDE /
_cSAINT-EXAPERY, ANTOINE DE
260 _a[S.N] :
_bFOLIO ،
_c1995
300 _a187 P
490 _aCOLLECTION FOLIO CLASSIQUE
_v0
650 0 4 _aLITERATURE
650 0 4 _aFRENCH LITERATURE
942 _2ddc
_cBK
999 _c21533
_d21533